1051 1189 1283 1385 1536 1569 1009 1618 1490 1503 1980 1368 1452 1159 1635 1385 1049 1614 1560 1232 1263 1189 1554 1104 1089 1569 1952 1747 1005 1303 1858 1327 1263 1239 1941 1920 1272 1476 1916 1872 1187 1072 1377 1542 1726 1022 1534 1490 1291 1620 1201 1436 1647 1301 1492 1567 1613 1819 1459 1372 1206 1768 1744 1537 1988 1267 1696 1663 1615 1905 1136 1787 1111 1739 1966 1755 1505 1912 1782 1285 1605 1959 1255 1643 1586 1979 1019 1472 1369 1702 1322 1506 1981 1076 1866 1531 1914 1770 1110 BCNSPRNW ULIB Ver.6.0+V

เปลี่ยนเป็นภาษาไทย

Change to English
 แสดงรายละเอียดบรรณานุกรม
  กลับหน้าหลัก

Brief Record : Get Marc (ISO 2709) : E-mail record : QR code < ปิดหน้าต่าง
LEADER : 00000nam 2200000uu 4500
001    13399121660
003     ULIB
008    121128s2541||||th 000 0 tha d
020    ^a9747897725
060 04 ^aWC526^bก344ร 2541
110 2  ^aกองโรคเท้าช้าง
245 10 ^aโรคเท้าช้าง /^cกองโรคเท้าช้าง กรมควบคุมโรคติดต่อกระทรวงสาธารณสุข
250    ^aพิมพ์ครั้งที่ 3
260    ^a[นนทบุรี] :^bกอง,^c2541
300    ^a33 หน้า :^bภาพประกอบ,^c26 ซม.
650  2 ^aโรคเท้าช้าง
945    ^p0^l0^i13026
995    ^a กัณชพร
999 ^a ใช้งานได้ทุกระบบ
รายการนี้ยังไม่มีแท็ก
คุณยังไม่ได้ล็อกอิน คุณสามารถมีกิจกรรมร่วมกับเว็บไซต์ได้ แต่ต้องล็อกอินก่อน ::
  ล็อกอิน

รายการสื่อสารสนเทศ

ลำดับที่ ประเภท เลขเรียก/บาร์โค้ด สถานที่ สถานะ
1. วิทยาศาสตร์การแพทย์ และสุขภาพ
วิทยาศาสตร์การแพทย์ และสุขภาพ
WC526 ก344ร 2541  
  Barcode: 13026
ห้องสมุดวิทยาเขตสวรรค์ประชารักษ์
►หนังสือทั่วไป
บนชั้น

รายการใกล้เคียง
    หัวเรื่อง [โรคเท้าช้าง]

BibComment


ยังไม่เคยถูกคอมเมนท์

คอมเมนท์ทรัพยากรรายการนี้
  คอมเมนท์: โรคเท้าช้าง กอง..


 Copyright 2026. Bcnsprnw @Library